|
|
|
|
| LEADER |
00000cam a2200000 a 4500 |
| 001 |
vtls001466844 |
| 003 |
SK-MaSNL |
| 005 |
20260301203511.0 |
| 008 |
240226s2003 gw frn 001 0 ger |
| 015 |
|
|
|a SNBZSA2004-00014
|
| 020 |
|
|
|a 3506775324
|q (viazané)
|
| 035 |
|
|
|a SNK000422149
|
| 035 |
|
|
|a urn:nbn:sk:snk-am3j22w
|
| 035 |
|
|
|a 11133F49-89A5-49E7-A25F-7FAF96A91ED2
|
| 035 |
|
|
|a urn:nbn:sk:snk-am00gl46
|
| 040 |
|
|
|a SNK
|b slo
|c SNK
|e AACR2
|
| 041 |
0 |
|
|a ger
|
| 043 |
|
|
|a e-xo---
|a e-gx---
|
| 044 |
|
|
|a gw
|c DE
|
| 072 |
|
7 |
|a 94(4-191.2)
|x Dejiny strednej Európy
|2 konspekt
|
| 072 |
|
7 |
|a 327
|x Medzinárodné vzťahy, svetová politika
|2 konspekt
|
| 080 |
|
|
|a 327
|2 2011
|
| 080 |
|
|
|a 323
|2 2011
|
| 080 |
|
|
|a 341.221.4
|2 2011
|
| 080 |
|
|
|a 94(437.6)
|2 2011
|
| 080 |
|
|
|a 94(430)
|2 2011
|
| 080 |
|
|
|a (048.8)
|2 2011
|
| 080 |
|
|
|a 94(100)"1939/1945"
|2 2001
|
| 100 |
1 |
|
|a Tönsmeyer, Tatjana,
|d 1968-
|4 aut
|9 529971
|
| 245 |
1 |
4 |
|a Das Dritte Reich und die Slowakei 1939-1945
|b politischer Alltag zwischen Kooperation und Eigensinn
|c Tatjana Tönsmeyer
|
| 250 |
|
|
|a 1. Aufl.
|
| 260 |
|
|
|a Paderborn
|b Ferdinand Schöningh
|c 2003
|
| 300 |
|
|
|a 387 strán
|c 24 cm
|
| 500 |
|
|
|a Obsahuje zoznam skratiek
|
| 504 |
|
|
|a Bibliografia na strane 366-383 ; menný register
|
| 648 |
|
7 |
|a 1939-1945
|2 SNKPH
|9 281648
|
| 650 |
0 |
7 |
|a zahraničná politika
|2 SNKPH
|9 971
|
| 650 |
0 |
7 |
|a vnútorná politika
|2 SNKPH
|9 970
|
| 650 |
0 |
7 |
|a medzinárodné vzťahy
|2 SNKPH
|9 3690
|
| 650 |
0 |
7 |
|a druhá svetová vojna (1939-1945)
|2 SNKPH
|9 169657
|
| 651 |
|
7 |
|a Slovensko
|x dejiny
|2 SNKPHgeo
|9 13278
|
| 651 |
|
7 |
|a Nemecko
|x dejiny
|2 SNKPHgeo
|9 27870
|
| 651 |
|
7 |
|a Tretia ríša (Nemecko : 1933-1945)
|2 SNKPHgeo
|9 106314
|
| 655 |
|
7 |
|a monografie
|2 SNKPH
|9 70139
|
| 919 |
|
|
|a 3-506-77532-4
|
| 958 |
|
|
|a TL
|
| 958 |
|
|
|a DE
|
| 958 |
|
|
|a NB
|
| 958 |
|
|
|a SP
|
| 958 |
|
|
|a ZS
|
| 999 |
|
|
|c 902847
|d 904777
|
| 952 |
|
|
|t P60, <04>, [BOOK], {604}, -A-
|a SNK
|b SNK
|y VYP
|7 0
|p 17A0412357
|o snkSC 114732
|i snkV 232/2004
|8 2
|g 65.39
|0 0
|1 0
|4 0
|d 2004-01-22
|f 1
|l 0
|r 2025-10-03 00:00:00
|w 2026-02-24
|
| 952 |
|
|
|t P60, <04>, [BOOK], {604}, -A-
|a SNK
|b SNKPULT
|y VYP
|7 0
|p 17A0453873
|o snkSC 114732 D1
|i snkV 1748/2004
|8 2
|g 66.92
|0 0
|1 0
|4 0
|d 2004-09-24
|l 1
|m 1
|q 2026-05-15
|r 2026-03-10 11:49:27
|s 2026-03-10
|w 2026-02-24
|